00688nam a2200193 a 450000100100000000500170001000800410002704000250006808200140009310000290010724500830013625000330021926000410025230000210029350000420031404900090035695201120036599900170047700001706820200929165019.0100317s1971 dr 000 0 spa d aDO-SdBNPbspacBNPHU axxxbO48d1 aOlivier, Consuelo93765610aDe nuestro lenguaje y costumbres /cConsuelo Olivier ; prólogo Manuel Rueda. a2a ed. aumentada y corregida aSanto Domingo :bArte y Cine,c1971. a167 p. ;c23 cm. aIncluye notas al pie de las páginas aBNPD 0010718PDaPDbPDcCTd2010-03-17iLF1l0oxxx O48dp17068-10r2020-06-25w2020-06-25yLFPDZNo se presta c16594d16594